| 000 | 004240000a22001810004500 | ||
|---|---|---|---|
| 001 | 002548 | ||
| 003 | MACL | ||
| 005 | 20150828113844.0 | ||
| 008 | 150828b xxu||||| |||| 00| 0 eng d | ||
| 040 |
_aMACL _cMACL |
||
| 041 | _aEnglish | ||
| 082 | _a770 | ||
| 100 |
_aDutt, Sunil _97784 |
||
| 245 |
_aKolkata Canvas _cSunil Dutt |
||
| 260 |
_aKolkata, _c2005 _bMehras, |
||
| 650 |
_aPhotography _97785 |
||
| 942 |
_k770 _cBK _2ddc |
||
| 999 |
_c14458 _d14458 |
||